000
00174nam a2200073Ia 4500
008
170620s9999 xx 000 0 und d
100
_a
Mishra
245
0
_a
EARLY CHILDHOOD CARE & EDUCATION
260
_b
APH PU
999
_c
26092
_d
26092